Návrat do detstva Ohliadnutie za knihami roku 1984

Podrobná bibliografia
Hlavní autori: Čúzy, Ladislav, 1950- (Autor), Šikula, Viliam F., 1942-1995 (Autor)
Médium: Článok
Jazyk:slovenčina
Predmet:

MARC

LEADER 00000nab a2200000 a 4500
001 vtls000204260
003 SK-MaSNL
005 20260303174741.0
008 160215c1985 xo 0 slo
015 |a SNBRB19rr/mm-uuuuu 
035 |a CL0214373 
040 |a SNKBUCL  |b slo  |c SNKBUCL  |e AACR2 
041 0 |a slo 
044 |a xo  |c SK 
080 |a 82.09:885.4-3(048)  |2 1981 
080 |a 885.4-3(048)  |2 1981 
100 1 |a Čúzy, Ladislav,  |d 1950-  |4 aut  |9 226174 
245 1 0 |a Návrat do detstva  |b Ohliadnutie za knihami roku 1984  |c Ladislav Čúzy ; Viliam F. Šikula 
650 0 7 |a romány dedinské  |2 snkbucl  |9 549298 
655 7 |a články z novín a časopisov  |2 snkbucl  |9 267496 
655 7 |a články z odboru literárna veda a krásna literatúra  |2 snkbucl  |9 770045 
700 1 |a Šikula, Viliam F.,  |d 1942-1995  |4 aut  |9 39171 
773 0 |t Práca  |g Roč. 40, č. 14 (17. 1. 1985), s. 6 
787 0 8 |i Rec.:  |a Šikula, Viliam F.  |t Štepár  |d Bratislava : Slovenský spisovateľ, 1984 
850 |a Slovenská národná knižnica v Martine  |a MTA001 
852 |a SNK  |b KIS3GCP 
958 |a BX 
958 |a RK 
958 |a LX 
992 |a RBX 
999 |c 2098368  |d 2100298